00394cam a2200169ua 45000010005000000080039000050200018000440400009000620410008000710820009000791000026000882450043001142500009001572600028001663000010001946530020002048649150213n xxk |||gr||||Z||||||eng a9780199536238 cMAIN aeng a823N aDickens, C.,eAuthor. aTale of two citiescBy Charles Dickens a1st. aLondon:bOxford,c2008. a408p. aEnglish fiction